Giáo trình đo lường điện

Trình bày những kiến thức cơ bản về kỹ thuật đo lường, đo các đại lượng điện, phương pháp sử dụng các loại máy đo, đo các đại lượng không điện

Uloženo v:
Podrobná bibliografie
Hlavní autor: Võ, Huy Hoàn
Médium: Kniha
Jazyk:Undetermined
Vydáno: Hà Nội Giáo dục Việt Nam 2010
Témata:
Tagy: Přidat tag
Žádné tagy, Buďte první, kdo otaguje tento záznam!
Thư viện lưu trữ: Trung tâm Học liệu Trường Đại học Cần Thơ
LEADER 00846nam a2200205Ia 4500
001 CTU_147895
008 210402s9999 xx 000 0 und d
020 |c 26000 
082 |a 621.381548 
082 |b H406 
100 |a Võ, Huy Hoàn 
245 0 |a Giáo trình đo lường điện 
245 0 |c Võ Huy Hoàn chủ biên 
260 |a Hà Nội 
260 |b Giáo dục Việt Nam 
260 |c 2010 
520 |a Trình bày những kiến thức cơ bản về kỹ thuật đo lường, đo các đại lượng điện, phương pháp sử dụng các loại máy đo, đo các đại lượng không điện 
650 |a Electronic measurements,Cathode ray oscilloscope,Đo lường điện 
904 |i Hải 
980 |a Trung tâm Học liệu Trường Đại học Cần Thơ